[Event "ISR-ch Open 2018"]
[Site "Ma'alot-Tarshih"]
[Date "2018.12.19"]
[Round "8"]
[White "Bakalchuk, Johnatan"]
[Black "Bronstein, Or"]
[Result "1-0"]
[WhiteElo "2442"]
[BlackElo "2359"]
[Annotator "TA"]
[PlyCount "69"]
[EventDate "2018.12.12"]
[EventType "swiss"]
[EventCountry "ISR"]
[SourceTitle "playchess.com"]
[Source "ChessBase"]
[SourceQuality "1"]

{[%evp 10,69,27,15,34,13,6,10,16,21,22,33,43,-7,28,25,87,19,18,22,22,0,62,-20,-29,-21,0,-22,0,-18,63,50,196,187,477,470,623,635,610,616,880,943,945,945,931,734,2281,2238,2067,1957,2308,2235,1953,1933,1911,1753,5494,5422,29976,29977,29990,29991]} 1. e4 c5 2. Nf3 d6 3. d4 cxd4 4. Nxd4 Nf6 5. Nc3 a6 6. h4 {LiveBook: 99 Games. B90: Sicilian Najdorf: Unusual White 6th moves, 6 Be3 Ng4 and 6 Be3 e5} (6. Bg5 e6 7. f4 Qb6 8. Nb3 Nbd7 9. Qe2 Qc7 10. O-O-O b5 11. a3 Be7 12. g4 h6 13. Bh4 Rb8 14. Be1 g5 15. f5 Ne5 16. h4 Nfxg4 17. hxg5 Bxg5+ 18. Bd2 {1-0 (64) Grischuk,A (2769)-Vachier Lagrave,M (2780) Douglas 2018}) 6... e6 7. g4 d5 8. exd5 {The position is equal.} Nxd5 9. Bd2 $146 ({Predecessor:} 9. Nxd5 Qxd5 10. Rg1 e5 11. Nf3 Qxd1+ 12. Kxd1 Nc6 13. Be3 h5 14. gxh5 Rxh5 {0-1 (29) Krajnc,A-Sakaev,K (2450) Stockerau 1991}) 9... Bc5 10. Nb3 Bb4 11. Ne4 Be7 12. Qf3 Nc6 (12... Qc7 $11 {keeps the balance.}) 13. O-O-O (13. c4 $16) 13... Qc7 $11 14. Kb1 b5 15. h5 Ne5 (15... Bb7 $11) 16. Qe2 ({White should play} 16. Qg3 $14) 16... Nc4 17. Bc1 Bb7 18. Rg1 Rc8 19. Nd4 Ncb6 (19... g5 $11) 20. g5 $14 {[%cal Bg4g5,Bg5g6][%mdl 32]} Na4 {[#]} (20... Nf4 $14 21. Bxf4 Qxf4) 21. g6 $1 $18 {[%cal Rg6f7]} hxg6 $2 (21... fxg6 22. hxg6 (22. Nxe6 Qe5 $11) 22... Qe5) 22. hxg6 f5 23. Nxe6 {[%mdl 64] Double Attack} Qe5 {[#]} 24. Nxg7+ $1 {[%mdl 576] Deflection} Qxg7 25. Nd6+ $1 {[%mdl 64] Double Attack} Kf8 26. Rxd5 Bxd5 27. Nxc8 Ba3 28. Qd3 Bxb2 29. Qxf5+ Ke8 {[#]} 30. Bxb5+ $1 {[%mdl 512]} axb5 31. Re1+ Kd8 32. Qxd5+ Kxc8 33. Qc6+ Kb8 34. Qxb5+ {[%mdl 64] Double Attack} Kc7 35. Bf4+ {Accuracy: White = 53%, Black = 21%.} 1-0

[Event "ISR-ch Open 2018"]
[Site "Ma'alot-Tarshih"]
[Date "2018.12.19"]
[Round "8"]
[White "Drori, Saar"]
[Black "Zhizmer, Yuri"]
[Result "0-1"]
[WhiteElo "2419"]
[BlackElo "2326"]
[Annotator "TA"]
[PlyCount "58"]
[EventDate "2018.12.12"]
[EventType "swiss"]
[EventCountry "ISR"]
[SourceTitle "playchess.com"]
[Source "ChessBase"]
[SourceQuality "1"]

{[%evp 9,58,18,31,22,37,0,-4,-4,0,0,-4,-39,-27,-9,-27,-34,-35,-33,-3,-10,38,0,114,128,128,100,93,11,31,-18,-15,-34,-22,-68,-46,-210,-215,-285,-273,-265,-263,-263,-261,-253,-262,-432,-424,-404,-424,-425,-415]} 1. e4 d5 2. exd5 Qxd5 3. Nc3 Qd8 4. d4 Nf6 5. g3 (5. Nf3 g6 6. Be2 Bg7 7. O-O O-O 8. Bf4 Nc6 9. Qd2 b6 10. Rad1 Bb7 11. Rfe1 e6 12. Bh6 Ne7 13. Bxg7 Kxg7 {1-0 (60) Piorun,K (2612)-Nakamura,H (2763) Batumi 2018}) 5... c6 6. Bg2 {B01: Scandinavian Defence} Bf5 7. Nge2 e6 8. O-O {The position is equal.} Be7 9. h3 h6 10. g4 $146 ({Predecessor:} 10. Re1 O-O 11. g4 Bh7 {1-0 (47) Stanojoski,Z (2437)-Milanovic,D (2466) Skopje 2015}) 10... Bh7 11. Ng3 $36 {[%mdl 2048] Black is under pressure.} Nbd7 12. f4 {[%cal Bf2f4,Bf4f5][%mdl 32]} Qc7 13. Nce2 Bd6 14. c4 {[%cal Bc2c4,Bc4c5][%mdl 32]} Rd8 15. Qb3 {And now g5 would win.} b5 {[#]} (15... O-O $11) 16. c5 $1 $16 {[%cal Rc5d6]} Be7 17. f5 e5 18. Kh1 (18. a4 $16) 18... O-O $1 $11 19. dxe5 Nxe5 20. Bf4 {Hoping for Qc3.} Bxc5 {[%cal Be7c5,Bc5d6,Bd6e5,Be5d4][%mdl 32]} 21. Rac1 Qe7 22. Qc3 $2 (22. Bxe5 $15 Qxe5 23. Bxc6) 22... Nd3 $19 {Threatens to win with ...b4.} 23. g5 hxg5 24. Bxg5 Nxc1 25. Qxc1 Bd6 26. Ne4 Be5 27. N2g3 $2 {[#]} (27. Qxc6 Bxb2 28. Qxb5) 27... Nxe4 $1 {[%mdl 512]} 28. Nxe4 (28. Bxe4 Qb4) 28... f6 29. Be3 Bd4 {Accuracy: White = 41%, Black = 82%.} 0-1

[Event "ISR-ch Open 2018"]
[Site "Ma'alot-Tarshih"]
[Date "2018.12.19"]
[Round "8"]
[White "Globus, Or"]
[Black "Dvoirys, Semen I."]
[Result "0-1"]
[WhiteElo "2387"]
[BlackElo "2528"]
[Annotator "TA"]
[PlyCount "83"]
[EventDate "2018.12.12"]
[EventType "swiss"]
[EventCountry "ISR"]
[SourceTitle "playchess.com"]
[Source "ChessBase"]
[SourceQuality "1"]

{[%evp 25,83,0,31,-54,-49,-47,-39,-133,-117,-116,-108,-139,-56,-71,-86,-121,-105,-117,-100,-117,-112,-123,-119,-120,-116,-122,-113,-196,-192,-187,-194,-184,-176,-215,-150,-217,-206,-261,-261,-251,-243,-296,-305,-306,-303,-289,-234,-268,-283,-360,-391,-445,-432,-498,-477,-496,-483,-497,-469,-504]} 1. d4 Nf6 2. c4 g6 3. Nc3 d5 4. Nf3 Bg7 5. Qb3 dxc4 6. Qxc4 O-O 7. e4 Na6 8. Be2 c5 9. d5 e6 10. O-O exd5 11. exd5 Re8 12. Rd1 Qb6 {D97: Grünfeld: Russian System: 7 e4, replies other than 7...Bg4} (12... Bf5 13. d6 h6 14. Be3 Qb6 15. Qb3 Rad8 16. Bc4 Be6 17. Ne5 Bxc4 18. Nxc4 Qxb3 19. axb3 Rd7 20. Rxa6 bxa6 21. Bxc5 {1-0 (56) Volkov,S (2557)-Gledura,B (2626) Barcelona 2018}) 13. Be3 Bf5 {LiveBook: 6 Games} (13... Ng4 $5 {[%cal Rg4e3]} 14. Bc1 Ne5 15. Nxe5 Bxe5 $14) 14. Rd2 ({White should try} 14. d6 $14) 14... Ne4 $15 {Black is slightly better.} 15. Nxe4 Rxe4 16. Qb5 $146 ({Better is} 16. Qc1 $15) ({Predecessor:} 16. Qc1 Rb4 17. Bxa6 Qxa6 18. d6 b6 19. Bg5 Qb7 20. Qd1 {½-½ (37) Belani,M (2156)-Tesic,D (2364) Zagreb 2010}) 16... Rb4 $1 $17 {[%cal Rb4b5]} 17. Qxb6 axb6 18. Rad1 Rxb2 (18... Bxb2 $17 19. a3 Bxa3) 19. Rxb2 $15 Bxb2 20. d6 Nb8 21. Bc4 Nc6 22. Ng5 Ne5 23. Bd5 {[#]} Kg7 $1 $36 {[%mdl 2048] Keeping White busy.} 24. h3 h6 25. Ne4 Nd7 26. Rd2 (26. Bxb7 $17 Rxa2 27. g4) 26... Bc1 $19 {And now ...Bxe4 would win.} 27. Re2 Bxe3 28. fxe3 Ra3 29. Bxb7 Rd3 30. Ng3 (30. Kf2 $17) 30... Be6 ({Resist} 30... Rxd6 31. Nxf5+ gxf5 32. Ba6 $17) 31. Ne4 f5 {[%cal Bf7f5,Bf5f4][%mdl 32]} 32. Nf2 Rxd6 33. e4 f4 34. e5 Rd4 35. Ne4 Rd3 ({Weaker is} 35... Nxe5 {[#]} 36. Nxc5 $1 {[%mdl 512]} Rd1+ 37. Kh2 $17) 36. Nd6 Kf8 37. Be4 Rd1+ 38. Kh2 Nxe5 {Black is clearly winning.} 39. Bxg6 Rxd6 40. Rxe5 Bxa2 41. Bh5 Kg7 42. Re4 {Accuracy: White = 41%, Black = 71%.} 0-1

[Event "ISR-ch Open 2018"]
[Site "Ma'alot-Tarshih"]
[Date "2018.12.19"]
[Round "8"]
[White "Galburd, Yan"]
[Black "Taichman, Ori"]
[Result "1-0"]
[WhiteElo "2382"]
[BlackElo "2303"]
[Annotator "NA"]
[PlyCount "55"]
[EventDate "2018.12.12"]
[EventType "swiss"]
[EventCountry "ISR"]
[SourceTitle "playchess.com"]
[Source "ChessBase"]
[SourceQuality "1"]
[TimeControl "40/5400+30:1800+30"]

1. d4 {[%emt 0:00:00]} g6 {[%emt 0:00:00]} 2. e4 {[%emt 0:01:05]} Bg7 {[%emt 0:00:00]} 3. Nf3 {[%emt 0:00:36]} c5 {[%emt 0:00:11]} 4. dxc5 {[%emt 0:01:43]} Qa5+ {[%emt 0:00:29]} 5. c3 {[%emt 0:01:05]} Qxc5 {[%emt 0:00:07]} 6. Be3 {[%emt 0:05:30] LiveBook: 144 Games} Qc6 {[%emt 0:02:32] B27: Sicilian: 2 Nf3, unusual Black 2nd moves} (6... Qa5 7. Nbd2 d6 8. Nc4 Qc7 9. Bd4 Nf6 10. e5 dxe5 11. Bxe5 Qd7 12. Qxd7+ Bxd7 13. Bg3 Nc6 14. Nce5 Nxe5 15. Bxe5 {1-0 (51) Motylev,A (2656)-Kulaots,K (2571) Tallinn 2016}) 7. Bd3 {[%emt 0:08:25]} b6 $146 {[%emt 0:17:50]} ({Predecessor:} 7... Nf6 8. Nd4 Qc7 9. Nb5 Qa5 10. b4 Qd8 11. Nxa7 Nc6 12. Nxc8 Qxc8 13. O-O O-O 14. a3 {1-0 (25) Bezgodova,S (2198)-Zakharchenko,A (2315) Voronezh 2009}) 8. Qe2 {[%emt 0:13:27]} Bb7 {[%emt 0:19:31]} 9. Nbd2 {[%emt 0:10:12]} Nf6 {[%emt 0:05:34]} 10. e5 {[%emt 0:01:58]} Nd5 {[%emt 0:00:16]} 11. Be4 {[%emt 0:02:14]} Qc8 {[%emt 0:06:35]} 12. O-O {[%emt 0:06:47]} f5 {[%emt 0:14:28]} 13. exf6 {[%emt 0:01:32]} Nxf6 {[%emt 0:00:20]} 14. Bxb7 {[%emt 0:02:58]} Qxb7 {[%emt 0:00:14]} 15. Bg5 {[%emt 0:05:45]} Nc6 {[%emt 0:02:47]} 16. Rad1 {[%emt 0:06:10]} O-O {[%emt 0:03:27]} 17. Rfe1 {[%emt 0:00:05]} Kh8 {[%emt 0:02:33]} 18. Ne4 {[%emt 0:00:54]} Qc7 {[%emt 0:11:05]} 19. Nxf6 $16 {[%emt 0:04:14]} Bxf6 {[%emt 0:00:02]} 20. Qc4 {[%emt 0:00:59]} Rad8 {[%emt 0:02:58]} 21. Rxe7 {[%emt 0:03:25]} Bxe7 {[%emt 0:06:05]} 22. Bxe7 {[%emt 0:00:03]} Rde8 {[%emt 0:03:07]} 23. Bxf8 {[%emt 0:01:08]} Rxf8 {[%emt 0:00:07]} 24. Qd5 {[%emt 0:01:40]} Re8 {[%emt 0:01:09]} 25. Qf7 {[%emt 0:00:55]} Qc8 {[%emt 0:00:32]} 26. Rxd7 {[%emt 0:05:07]} Qxd7 {[%emt 0:00:03]} 27. Qxd7 {[%emt 0:00:06]} Rd8 {[%emt 0:00:01]} 28. Qe6 {[%emt 0:00:44]} 1-0

[Event "ISR-ch Open 2018"]
[Site "Ma'alot-Tarshih"]
[Date "2018.12.19"]
[Round "8"]
[White "Iliaguev, Nisim"]
[Black "Baron, Tal"]
[Result "1/2-1/2"]
[WhiteElo "2338"]
[BlackElo "2532"]
[Annotator "TA"]
[PlyCount "22"]
[EventDate "2018.12.12"]
[EventType "swiss"]
[EventCountry "ISR"]
[SourceTitle "playchess.com"]
[Source "ChessBase"]
[SourceQuality "1"]

{[%evp 9,22,0,17,0,0,-3,0,0,0,0,0,0,12,14,25]} 1. d4 d5 2. Nf3 Nf6 3. g3 c5 4. Bg2 cxd4 5. O-O Bd7 {LiveBook: 6 Games. The position is equal.} 6. b3 $146 {D02: 1 d4 d5 2 Nf3 sidelines, including 2...Nf6 3 g3 and 2...Nf6 3 Bf4} ({Predecessor:} 6. Nxd4 e5 7. Nb3 Bc6 8. c4 Be7 9. cxd5 Bxd5 10. Nc3 Bxg2 11. Qxd8+ Bxd8 12. Kxg2 Nc6 13. Rd1 {1-0 (64) Vazquez Igarza,R (2571)-Plazuelo Pascual,J (2434) Benasque 2018}) 6... Nc6 7. Nxd4 e5 8. Nxc6 Bxc6 9. Bb2 Qc7 10. e3 Bc5 11. Nd2 O-O 1/2-1/2

[Event "ISR-ch Open 2018"]
[Site "Ma'alot-Tarshih"]
[Date "2018.12.19"]
[Round "8"]
[White "Aharon, Ofir"]
[Black "Gruenfeld, Yehuda"]
[Result "0-1"]
[WhiteElo "2320"]
[BlackElo "2421"]
[Annotator "TA"]
[PlyCount "244"]
[EventDate "2018.12.12"]
[EventType "swiss"]
[EventCountry "ISR"]
[SourceTitle "playchess.com"]
[Source "ChessBase"]
[SourceQuality "1"]

{[%evp 17,244,53,50,29,35,35,43,27,33,22,33,4,12,0,68,57,53,37,49,34,142,115,134,148,163,131,145,151,181,174,268,247,275,282,283,283,281,264,270,277,260,253,303,184,251,172,245,181,175,135,189,112,135,0,178,175,168,155,162,164,205,179,200,157,174,184,160,126,136,89,93,91,107,77,64,76,128,77,125,85,90,56,56,71,88,56,56,56,56,60,86,68,68,68,68,54,62,46,46,52,56,53,75,76,80,80,80,64,91,77,119,0,83,0,80,0,119,63,119,119,119,119,119,58,58,61,80,46,80,0,68,68,75,65,87,87,87,87,87,55,116,90,115,0,0,0,90,91,91,91,91,0,91,91,116,56,93,56,91,0,108,0,91,88,102,102,116,116,116,28,54,0,27,27,68,99,156,86,109,0,0,-86,-83,-90,-82,-88,-91,-82,-82,-90,-90,-115,-75,-556,-556,-1195,-1152,-1102,-1041,-1293,-1350,-5189,-2913,-29962,-29963,-5808,-29958,-29967,-29974,-29977,-29978,-29980,-29981,-29981,-29982,-29983,-29984,-29984,-29984,-29986,-29987,-29987,-29988,-29988,-29988,-29991,-29992,-29992,-29993]} 1. e4 c5 2. Nf3 e6 3. d4 cxd4 4. Nxd4 Nc6 5. Nc3 Qc7 6. Be3 a6 7. f4 d6 {B48: Sicilian: Taimanov: 5 Nc3 Qc7 6 Be3 a6 without Be2} 8. Qf3 Nxd4 9. Bxd4 Ne7 {LiveBook: 4 Games. White is slightly better.} 10. Bd3 Nc6 11. Be3 Be7 12. O-O $146 ({Predecessor:} 12. O-O-O O-O 13. g4 b5 14. Kb1 Bb7 {0-1 (44) Ganguly,S (2650)-Fedorchuk,S (2648) Riadh 2017}) 12... O-O 13. a3 b5 14. Qh5 g6 15. Qh3 Qd8 (15... Bf6 $11) 16. Rad1 $14 Rb8 17. b4 Rb7 18. Be2 f5 (18... Re8 $14) 19. Bf3 {Threatens to win with exf5.} Qc7 20. exf5 gxf5 21. Ne2 Bf6 22. Ng3 Rf7 23. Nh5 Bh8 (23... d5 $142 24. Nxf6+ Rxf6) 24. Qg3+ $18 Kf8 25. Kh1 Ne7 26. Qg5 ({Less strong is} 26. Bxb7 Bxb7 27. Bd4 Bxd4 $16) 26... Rb6 27. Rf2 {[%cal Bf1f2,Bf2e2,Be2e3][%mdl 32]} ({Resist} 27. Bxb6 Qxb6 28. Rfe1 Ng6 $18) 27... d5 28. Bxb6 Qxb6 29. Re2 Ng8 30. Qh4 Qd6 (30... Ne7 $142 31. Qg5 Qc6 32. Qh6+ Kg8 33. Qg5+ Kf8 34. Qh6+ Kg8) 31. Qe1 Re7 (31... Ne7 {was necessary.} 32. c3 Bd7) 32. Qd2 Qc7 33. Re3 Qc4 (33... Bd7 $16 34. Rde1 Qb6) 34. Be2 (34. h3 $18) 34... Qc6 $16 35. Bf3 (35. Rd3 $16) 35... Rc7 $2 (35... Qc4 $1 $11) 36. Qe1 $18 Re7 37. Ng3 {[%cal Bh5g3,Bg3e2,Be2d4][%mdl 32]} Qc7 38. Ne2 Qc4 39. Qh4 Bf6 40. Qf2 Nh6 41. c3 Nf7 42. Nd4 {Strongly threatening g4.} Nd6 43. Qe2 Qxe2 44. Rxe2 ({Of course not} 44. Nxe2 $6 Nc4 $11) 44... Ne4 45. Bxe4 (45. Rc2 {is interesting.} Rc7 46. g3 Bd7 47. Rdc1 Ke7 48. Ne2) 45... fxe4 46. Re3 h5 (46... Rc7 $142) 47. Kg1 (47. Nc6 $142 $1) 47... Kf7 48. Kf2 Rc7 49. g3 Bd7 50. Ke1 Rc8 51. Rd2 Ke7 52. Kd1 Rc4 53. Kc2 a5 54. bxa5 Ra4 55. Kb3 Rxa5 56. Nc2 Ra8 57. Nb4 Rc8 58. Rd1 Rc4 59. h3 Kf7 60. g4 h4 61. Rf1 Rc5 62. Nc2 Rc8 63. Rd1 Rc7 64. Rf1 (64. Kb2 $16) 64... Rc4 (64... Rc8 $1 $11) 65. Nb4 Rc5 $1 66. Rd1 (66. Rc1 $16) 66... Bc8 (66... Rc4 $1 $11 {keeps the balance.}) 67. Rd2 ({Better is} 67. Nc2 $16) 67... Bb7 (67... Bg7 $14) 68. Nc2 $16 Bc8 69. Nd4 Bd7 70. Rg2 (70. Rd1 $16) 70... Rc4 $1 $14 71. Nc2 Rc8 72. Nb4 Bg7 {[#]} 73. Rd2 (73. Rc2 $1 $16) 73... Rc5 (73... Kg6 $11) 74. Nc2 Rc8 75. Ne1 Ke7 76. Ng2 Rh8 77. Kb2 Bc6 78. Rd1 Bb7 (78... Rb8 $14) 79. Kb3 Bc6 80. Ne1 Rf8 81. Ng2 Rh8 82. Re2 Bd7 83. Rc1 Bc6 84. Rf1 (84. Ree1 $16) 84... Bd7 (84... Ra8 $11) 85. Rc2 $16 Kd6 86. Rd1 (86. Rcc1 $16) 86... Rc8 87. Rh1 Rh8 88. Rd1 Rc8 $1 89. Rh1 Rh8 $1 90. Rf1 Rf8 91. Ne3 Bh6 92. Rcf2 Rc8 93. Nd1 (93. Nc2 $16) 93... Bg7 94. Re2 ({White should try} 94. g5 $14) 94... Ke7 95. Rc2 Rf8 96. Ne3 Kd6 (96... Ra8 $142) 97. Rff2 (97. f5 $142) 97... Rh8 98. f5 ({White should play} 98. g5 $16) 98... Bh6 $11 99. fxe6 (99. Rce2 $11 {remains equal.}) 99... Bxe3 $17 100. exd7 {aiming for Rf5.} Bxf2 101. Rxf2 Kxd7 $11 {[%mdl 4096] Endgame KR-KR} 102. Kb4 Kd6 103. Rf6+ Ke5 104. Rf5+ Ke6 105. Kxb5 $2 {[%mdl 8192]} (105. Kb3 $17 {is tougher.}) 105... Rc8 $19 106. Kb4 e3 {[%cal Be4e3,Be3e2][%mdl 32] ( -> ...e2)} 107. Rf1 Ke5 108. a4 Ke4 109. a5 e2 110. Ra1 Rf8 111. Re1 Kd3 (111... Ke3 $19 112. Kc5 Kd2) 112. a6 {Black mates.} Kd2 113. Rxe2+ Kxe2 {KR-KP} 114. Kc5 Rc8+ 115. Kb6 Rxc3 {KR-K3P} 116. a7 {[#]} Rb3+ $1 117. Kc6 Ra3 118. Kb7 d4 119. g5 d3 120. g6 d2 121. g7 d1=Q 122. g8=Q Qd7+ {[%mdl 64] Double Attack. Accuracy: White = 36%, Black = 50%.} 0-1

[Event "ISR-ch Open 2018"]
[Site "Ma'alot-Tarshih"]
[Date "2018.12.19"]
[Round "8"]
[White "Libman, Guy"]
[Black "Kupervaser, Erez"]
[Result "1/2-1/2"]
[WhiteElo "2299"]
[BlackElo "2168"]
[Annotator "ChessBase"]
[PlyCount "50"]
[EventDate "2018.12.12"]
[EventType "swiss"]
[EventCountry "ISR"]
[SourceTitle "playchess.com"]
[Source "ChessBase"]
[SourceQuality "1"]
[TimeControl "40/5400+30:1800+30"]

1. e4 {[%emt 0:00:00]} c5 {[%emt 0:00:00]} 2. Nf3 {[%emt 0:00:00]} g6 {[%emt 0:00:00]} 3. d4 {[%emt 0:00:18]} cxd4 {[%emt 0:00:00]} 4. Nxd4 {[%emt 0:00:07]} Bg7 {[%emt 0:00:02]} 5. c4 {[%emt 0:00:32]} Nc6 {[%emt 0:00:06]} 6. Be3 {[%emt 0:00:30]} Nf6 {[%emt 0:00:18]} 7. Nc3 {[%emt 0:00:15]} Ng4 {[%emt 0:00:06]} 8. Qxg4 {[%emt 0:00:07]} Nxd4 {[%emt 0:00:01]} 9. Qd1 {[%emt 0:00:08]} e5 {[%emt 0:00:08]} 10. Bd3 {[%emt 0:01:40]} O-O {[%emt 0:00:26]} 11. O-O {[%emt 0:00:09]} b6 {[%emt 0:00:04]} 12. Rc1 {[%emt 0:01:44]} Bb7 {[%emt 0:00:24]} 13. Ne2 {[%emt 0:01:20]} Ne6 {[%emt 0:00:16]} 14. f3 {[%emt 0:01:17]} Re8 {[%emt 0:03:11]} 15. Qd2 {[%emt 0:01:01]} Bf8 {[%emt 0:04:28]} 16. Rfd1 {[%emt 0:02:19]} Bc5 {[%emt 0:01:59]} 17. Bb1 {[%emt 0:01:42]} Bxe3+ {[%emt 0:08:14]} 18. Qxe3 {[%emt 0:00:06]} Qe7 {[%emt 0:01:03]} 19. b3 {[%emt 0:01:26]} Bc6 {[%emt 0:01:41]} 20. Rd2 {[%emt 0:01:18]} Qc5 {[%emt 0:10:28]} 21. Kf2 {[%emt 0:00:57]} a5 {[%emt 0:04:33]} 22. a4 {[%emt 0:01:33]} Rf8 {[%emt 0:03:03]} 23. Bc2 {[%emt 0:02:07]} Rae8 {[%emt 0:05:46]} 24. Qxc5 {[%emt 0:06:37]} bxc5 {[%emt 0:08:23]} 25. Re1 {[%emt 0:00:39]} Rb8 {[%emt 0:06:49]} 1/2-1/2

[Event "ISR-ch Open 2018"]
[Site "Ma'alot-Tarshih"]
[Date "2018.12.19"]
[Round "8"]
[White "Lukin, Elisha"]
[Black "Emanuel, Yahav"]
[Result "0-1"]
[WhiteElo "2280"]
[BlackElo "2221"]
[Annotator "NA"]
[PlyCount "52"]
[EventDate "2018.12.12"]
[EventType "swiss"]
[EventCountry "ISR"]
[SourceTitle "playchess.com"]
[Source "ChessBase"]
[SourceQuality "1"]
[TimeControl "40/5400+30:1800+30"]

{[%evp 12,52,0,32767,32767,32767,32767,22,30,32767,32767,-4,-1,-2,32767,-81,32767,32767,-50,-104,-29,-8,-7,32767,0,32767,32767,32767,32767,32767,32767,-108,-137,-137,-158,-510,32767,32767,32767,32767,32767,-930,-1022]} 1. d4 {[%emt 0:01:14]} Nf6 {[%emt 0:00:00]} 2. c4 {[%emt 0:02:51]} e6 {[%emt 0:00:00]} 3. Nc3 {[%emt 0:00:24]} d5 {[%emt 0:00:00]} 4. cxd5 {[%emt 0:00:12]} exd5 {[%emt 0:00:00]} 5. Bg5 {[%emt 0:00:12]} c6 {[%emt 0:00:07]} 6. e3 {[%emt 0:00:06]} h6 {[%emt 0:00:17]} 7. Bh4 {[%emt 0:00:53]} Be6 {[%emt 0:00:16] D35: Queen's Gambit Declined: Exchange Variation} 8. Bd3 {[%emt 0:00:24]} Nbd7 {[%emt 0:00:19]} 9. Nge2 {[%emt 0:00:23]} g5 {[%emt 0:01:56] LiveBook: 10 Games} 10. Bg3 {[%emt 0:00:19]} Nh5 {[%emt 0:00:03]} 11. h4 $146 {[%emt 0:08:27]} ({Predecessor:} 11. Qc2 Nxg3 12. Nxg3 h5 13. Nf5 h4 14. O-O-O {½-½ (43) Karjakin,S (2783)-Meier,G (2630) chess.com INT 2017}) 11... Nxg3 {[%emt 0:08:32]} 12. Nxg3 {[%emt 0:03:04]} gxh4 {[%emt 0:02:30]} 13. Nh5 {[%emt 0:04:05]} (13. Nf5 $11 {remains equal.}) 13... Rg8 {[%emt 0:20:31]} 14. Nf4 {[%emt 0:05:59]} Qg5 {[%emt 0:02:44]} 15. Qb3 {[%emt 0:08:00] [#]} Bd6 {[%emt 0:19:33]} (15... O-O-O $1 $17) 16. Qxb7 {[%emt 0:18:57]} ({Much weaker is} 16. Nxe6 fxe6 17. Qxb7 {[%mdl 64] Double Attack} Rb8 $17) 16... Rb8 {[%emt 0:00:09]} 17. Qxc6 {[%emt 0:02:54]} Bxf4 {[%emt 0:12:42]} 18. exf4 {[%emt 0:09:33]} Qxg2 {[%emt 0:00:23]} 19. O-O-O {[%emt 0:02:07]} Qxf2 {[%emt 0:02:56]} 20. Rd2 {[%emt 0:01:54]} Qxf4 {[%emt 0:07:42]} 21. Rf1 {[%emt 0:04:14]} ({White should try} 21. Nxd5 $15 Bxd5 22. Qxd5 Rxb2 {[%mdl 64] Pin} 23. Qe4+ Qxe4 24. Bxe4 Rxd2 25. Kxd2) 21... Qg5 {[%emt 0:00:30]} 22. Nb5 {[%emt 0:03:46]} Rb6 {[%emt 0:02:36]} 23. Nd6+ $2 {[%emt 0:04:09]} (23. Qc3 $17 {is a better chance.}) 23... Kd8 {[%emt 0:00:30]} 24. Qa8+ {[%emt 0:03:38]} Kc7 {[%emt 0:01:23]} 25. Ne8+ {[%emt 0:00:44]} Rxe8 {[%emt 0:00:07]} 26. Qxe8 {[%emt 0:00:22]} Rb8 $19 {[%emt 0:00:14]} 0-1